Statistics for 1980s Music Trivia #2

Click here to take the quiz!

General Stats

  • This quiz has been taken 17,698 times
  • The average score is 12 of 20

Answer Stats

QuestionAnswer% Correct
What song was parodied by "Like a Surgeon"?Like a Virgin
82%
Who bit the head off a bat?Ozzy Osbourne
81%
Who was shot by Mark David Chapman?John Lennon
79%
What Bruce Springsteen song about a Vietnam vet is often mistaken for a patriotic anthem?Born in the U.S.A.
78%
What was the best-selling album of the decade?Thriller
78%
Whose girl did Rick Springfield wish he had?Jessie's
76%
What singer recorded "White Wedding"?Billy Idol
75%
For what song did Olivia Newton-John film an exercise-themed video?Physical
65%
What hip hop group covered the Aerosmith song "Walk This Way"?Run–D.M.C.
65%
What movie featured the song "Take My Breath Away"?Top Gun
65%
What new wave band did Debbie Harry sing for?Blondie
64%
Whose band was called "The Blackhearts"?Joan Jett's
56%
What was Jenny's phone number?867-5309
52%
Who did Diana Ross sing a duet with in the song "Endless Love"?Lionel Richie
46%
What Huey Lewis & The News song played at the beginning of "Back to the Future"?The Power of Love
43%
Who replaced David Lee Roth as the lead singer of Van Halen?Sammy Hagar
41%
What group recorded "Everybody Have Fun Tonight"?Wang Chung
41%
To what country did Paul Simon travel to record his album "Graceland"?South Africa
39%
What AC/DC lead singer died of alcohol poisoning?Bon Scott
36%
What rap group urged listeners to "Fight the Power"?Public Enemy
29%

Score Distribution

Percentile by Number Answered

Percent of People with Each Score

Your Score History

You have not taken this quiz